000 00534nam a2200181Ia 4500
008 151018s9999 xx 000 0 und d
082 _bRBASDV37618
_a891.463
100 _aपु वा परांजपे
245 _aअचुक सल्ला
250 _b1
260 _bअसता
_c2004
300 _a188
600 _aपु वा परांजपे
630 _aअचुक सल्ला
700 _aपु वा परांजपे
730 _aअचुक सल्ला
942 _cBOOK
999 _c1037036
_d1037033